The Magic of The Lost Temple/ (Record no. 203003)

MARC details
000 -LEADER
fixed length control field 00559 a2200193 4500
005 - DATE AND TIME OF LATEST TRANSACTION
control field 20240520114605.0
010 ## - LCCN (DPL NO)
LC control number B-759110
020 ## - INTERNATIONAL STANDARD BOOK NUMBER
International Standard Book Number 9780143333166
Terms of availability 199.00
035 ## - SYSTEM CONTROL NUMBER
System control number B-759110
037 ## - SOURCE OF ACQUISITION
Source of stock number/acquisition Gift
082 ## - DEWEY DECIMAL CLASSIFICATION NUMBER
Classification number S
100 ## - MAIN ENTRY--PERSONAL NAME
Personal name Murty, Sudha
245 ## - TITLE STATEMENT
Title The Magic of The Lost Temple/
Statement of responsibility, etc Sudha Murthy
260 ## - PUBLICATION, DISTRIBUTION, ETC. (IMPRINT)
Place of publication, distribution, etc Gurgaon
Name of publisher, distributor, etc Penguin Books India Pvt. Ltd
Date of publication, distribution, etc 2015
270 ## - ADDRESS
Address 7th Floor Infinity Tower C,DLF Cyber City
City Gurgaon
Postal code 122002
300 ## - PHYSICAL DESCRIPTION
Extent 203 p.
Dimensions 19 cm(Pb)
942 ## - ADDED ENTRY ELEMENTS (KOHA)
Institution code [OBSOLETE] dpl
Item type Children Books
Source of classification or shelving scheme Dewey Decimal Classification
Classification part S
Call number suffix MUR
Holdings
Withdrawn status Lost status Not for loan Collection code Home library Current library Date acquired Source of acquisition Cost, normal purchase price Full call number Barcode Copy number Cost, replacement price Koha item type Public note
      Fiction Sarojini Nagar Sarojini Nagar 20/05/2024 Gift/20.5.24 199.00 S MUR B-759110 1 199.00 Children Books Gift

© Delhi Public Library
Hit Counter
free hit counter